| 000 | 01161nam a22003497a 4500 | ||
|---|---|---|---|
| 003 | CHAP | ||
| 005 | 20220329134714.0 | ||
| 008 | 971013s1977 r 00010 d | ||
| 010 | _a24503 | ||
| 011 | _a25475 | ||
| 035 | _a29575 | ||
| 040 | _cCHAP | ||
| 082 |
_a581.13342 _bH35 1977 |
||
| 100 | 0 | 0 |
_aHall, D. O. _952308 |
| 245 | _aPhotosynthesis | ||
| 250 | _a2 ed. | ||
| 260 |
_aLondon : _bArnold, _c1977 |
||
| 300 |
_a71 p. _b: ilus. ; gráfs. |
||
| 490 |
_aInstitute of Biology's. Studies in biology _v; 37 |
||
| 590 |
_aBATCH-UPD _b10 _c20130110 _lUCH01 _h1821 |
||
| 590 |
_aBATCH-UPD _b10 _c20130410 _lUCH01 _h1155 |
||
| 590 |
_aBATCH-UPD _b10 _c20130914 _lUCH01 _h1433 |
||
| 590 |
_aCONVERSION _b10 _c20130109 _lUCH01 _h1314 |
||
| 650 | 1 | 4 |
_aFotosíntesis. _942737 |
| 700 | 0 |
_aRao, K. K. _994653 |
|
| 830 | 0 |
_aInstitute of Biology's. Studies in biology _v; 37 _959025 |
|
| 901 | _aBK | ||
| 942 | _cLIBRO | ||
| 949 |
_a581.13342 H35 1977 _bBC _cLIBRO _d-68338 _eLIBRO _h51639 _i29575 _si |
||
| 949 |
_a581.13342 H35 1977 _bBC _cLIBRO _d-68339 _eLIBRO _fc.2 _h51640 _i29575 _si |
||
| 949 |
_a581.13342 H35 1977 _bBC _cLIBRO _d33724000547238 _eLIBRO _fc.3 _h51641 _i29575 _si |
||
| 999 |
_c24503 _d24503 |
||